000 00255nam a22001217a 4500
008 171005b xxu||||| |||| 00| 0 eng d
041 _aeng
080 _25TH
_a159.9
100 _a49
101 _aPSI
245 _aPSYCHIATRY
_cTOMB,D.A
942 _2udc
_cBK
999 _c32076
_d32076